| 000 | 00696nam a2200229 a 4500 | ||
|---|---|---|---|
| 999 |
_c7255 _d7255 |
||
| 001 | 7255 | ||
| 003 | BD-JhCC | ||
| 005 | 20180206192009.0 | ||
| 008 | 180206s1974 ru |||| |||| 000 0 eng d | ||
| 035 | _a(BD-JhCC)7255 | ||
| 040 |
_aBD-JhCC _dBD-JhCC |
||
| 041 | _aeng | ||
| 082 |
_a891.7342 _bSHO 1978 |
||
| 100 |
_aSholokhov, Mikhail Aleksandrovich, _c1905-1984 |
||
| 245 |
_aAnd quiet flows the Don : _ba novel in four books / _cMikhail Aleksandrovich Sholokhov |
||
| 260 |
_aMoscow : _bProgress Publishers, _c1978. |
||
| 300 |
_a398 p. : _c21 cm. |
||
| 650 | _aWorld War (1914-1918) | ||
| 651 |
_aSoviet Union _yRevolution (Soviet Union : 1917-1921) |
||
| 942 |
_2ddc _cBK |
||